000 00612cam a2200193 a 4500
008 040826s1984 sp 000 0 spa u
020 _a847423235X
035 _aa439544
050 0 0 _aHB75
_bN45 1984
100 1 _aNell, Edward J.
245 1 0 _aHistoria y teoría económica /
_cEdward J. Nell ; edición y prólogo a cargo de Alfons Barceló y Lluís Argemí.
260 _aBarcelona :
_bCrítica,
_c1984.
300 _a174 p. ;
_c 20 cm.
440 0 _aCrítica. Historia ;
_v29
650 0 _aHistoria económica
700 1 _aBarceló, Alfons, ed.
700 1 _aArgemí, Lluís, ed.
942 _2lcc
_cLIB
999 _c64161
_d64161